000 00517nam a22001697a 4500
003 CEME
005 20210628202507.0
008 210208b xxu||||| |||| 00| 0 eng d
040 _c.
082 _a355.007 BOK
100 _aBokhari, Imtiaz.H
_948833
245 _aManagement of third world crisis in advanced partnership, theory and practice
260 _aRAWALPINDI
_bARMY EDUCATION PUBLISHING HOUSE
_c2002
300 _aXX,333P
650 _aTHIRD WORLD CRISIS IN ADVANCED PARTNERSHIP
_960145
942 _cBK
_2ddc
999 _c569951
_d569951